[Event "Stop parking servis - Novi Sad "]
[Site "Novi Sad"]
[Date "2014.06.28"]
[Round "2.5"]
[White "Stankovic, Milos"]
[Black "Obodchuk, Andrei"]
[Result "1/2-1/2"]
[WhiteElo "2408"]
[BlackElo "2374"]
[PlyCount "112"]
[EventDate "2014.06.27"]

1. e4 c5 2. Nf3 Nc6 3. d4 cxd4 4. Nxd4 Nf6 5. Nc3 d6 6. Bg5 e6 7. Qd2 Be7 8.
O-O-O Nxd4 9. Qxd4 O-O 10. f4 h6 11. Bh4 Qa5 12. e5 dxe5 13. Qxe5 Qxe5 14. fxe5
Nd5 15. Bxe7 Nxe7 16. Bc4 b6 17. Rhe1 Ng6 18. g3 Bb7 19. Rd7 Bc6 20. Rd6 Rac8
21. Bd3 Ne7 22. Ba6 Rc7 23. Ne2 b5 24. Red1 Nf5 25. R6d3 b4 26. R1d2 g5 27. Rb3
Rb8 28. a3 Rb6 29. Bd3 a5 30. Bxf5 exf5 31. Rd6 Rb8 32. axb4 axb4 33. Nd4 Be4
34. Rxh6 Bxc2 35. Nxc2 Rbc8 36. Rxb4 Rxc2+ 37. Kb1 Re2 38. Rh5 Rxe5 39. Rxg5+
Kf8 40. Rb7 Rc6 41. Ka2 Rh6 42. h4 Ra6+ 43. Kb3 Rc6 44. Ka4 Rd6 45. b3 Rd4+ 46.
Ka3 Ra5+ 47. Kb2 Rad5 48. h5 Rg4 49. Rxg4 fxg4 50. Rb4 f5 51. Kc3 Kg7 52. Rd4
Rc5+ 53. Kd3 Rc1 54. Ke3 Kh6 55. b4 Kxh5 56. Kf4 Rf1+ 1/2-1/2

[Event "Stop parking servis - Novi Sad "]
[Site "Novi Sad"]
[Date "2014.06.28"]
[Round "2.6"]
[White "Liou, Yian"]
[Black "Kostic, Vladimir G"]
[Result "1-0"]
[WhiteElo "2387"]
[BlackElo "2400"]
[PlyCount "95"]
[EventDate "2014.06.27"]

1. e4 e6 2. d4 d5 3. Nd2 Nf6 4. e5 Nfd7 5. Bd3 c5 6. c3 Nc6 7. Ne2 cxd4 8. cxd4
f6 9. exf6 Qxf6 10. Nf3 h6 11. O-O Bd6 12. Ng3 O-O 13. Bc2 Rd8 14. Re1 Nf8 15.
Ne5 Bd7 16. f4 Be8 17. Be3 Rac8 18. a3 Ne7 19. Rc1 Rc7 20. Rf1 Rdc8 21. Qd2 Bb5
22. Rfe1 Be8 23. Bd3 Rxc1 24. Rxc1 Rxc1+ 25. Qxc1 h5 26. Nh1 Nf5 27. Nf2 Nxe3
28. Qxe3 Qd8 29. Be2 Qc7 30. Qd2 Nh7 31. Nh3 Nf6 32. Ng5 Ne4 33. Nxe4 dxe4 34.
Bc4 Bd7 35. Ba2 Bxe5 36. fxe5 Qd8 37. Qe3 Qb6 38. b4 Qc7 39. Bb1 Bc6 40. h3 Bd5
41. Bxe4 Bxe4 42. Qxe4 Qc1+ 43. Kh2 Qxa3 44. d5 exd5 45. Qxd5+ Kh7 46. Qe4+ Kg8
47. e6 Qa4 48. Qd5 1-0

[Event "Stop parking servis - Novi Sad "]
[Site "Novi Sad"]
[Date "2014.06.29"]
[Round "3.1"]
[White "Chandra, Akshat"]
[Black "Drazic, Sinisa"]
[Result "1-0"]
[WhiteElo "2436"]
[BlackElo "2433"]
[PlyCount "177"]
[EventDate "2014.06.27"]

1. e4 c5 2. Nf3 e6 3. d4 cxd4 4. Nxd4 a6 5. Bd3 Ne7 6. O-O Nbc6 7. Nxc6 Nxc6 8.
c4 Bc5 9. Kh1 e5 10. Nc3 d6 11. f4 exf4 12. Bxf4 O-O 13. Qd2 Bd4 14. Rad1 Bg4
15. Be2 Be6 16. Nd5 Be5 17. Bg5 f6 18. Be3 Rc8 19. b4 Qe8 20. a4 Ne7 21. c5
Bxd5 22. exd5 Qxa4 23. Bg4 f5 24. Bh3 g6 25. Rfe1 a5 26. cxd6 Bxd6 27. Bc5 Qd7
28. Bxd6 Qxd6 29. bxa5 Rcd8 30. g3 Rf6 31. Bg2 f4 32. gxf4 Nf5 33. Re5 Qa3 34.
Rde1 b6 35. axb6 Rxb6 36. Qf2 Rb2 37. R5e2 Rxe2 38. Qxe2 Kg7 39. Qe5+ Kh6 40.
Qe2 Qb4 41. Rf1 Qd4 42. Qg4 Kg7 43. Rc1 Rd7 44. Re1 Rf7 45. Rd1 Qa4 46. Qe2
Qxf4 47. Qb2+ Kh6 48. Rf1 Qh4 49. Kg1 Qg5 50. Qe5 Re7 51. Qf4 Re2 52. Qxg5+
Kxg5 53. Bf3 Re3 54. Bg2 Rd3 55. Re1 Rd2 56. Be4 h5 57. Bxf5 gxf5 58. d6 Rxd6
59. Re2 h4 60. Kg2 Rd3 61. Re8 Kf4 62. Rh8 h3+ 63. Kf1 Ra3 64. Rh4+ Kg5 65. Rh8
Kg4 66. Rg8+ Kf4 67. Rh8 Ke4 68. Kf2 Rf3+ 69. Ke2 Rc3 70. Kf2 Rc2+ 71. Kg3 f4+
72. Kxh3 f3 73. Re8+ Kf4 74. Rf8+ Ke3 75. Re8+ Kf2 76. Kg4 Kg2 77. Rf8 f2 78.
h4 Rc7 79. h5 Rg7+ 80. Kh4 Rg3 81. Rxf2+ Kxf2 82. h6 Kf3 83. h7 Rg2 84. Kh3
Rg3+ 85. Kh2 Rg2+ 86. Kh1 Rf2 87. h8=Q Kg3 88. Qg7+ Kf3 89. Kg1 1-0

[Event "Stop parking servis - Novi Sad "]
[Site "Novi Sad"]
[Date "2014.06.29"]
[Round "3.3"]
[White "Obodchuk, Andrei"]
[Black "Liou, Yian"]
[Result "1/2-1/2"]
[WhiteElo "2374"]
[BlackElo "2387"]
[PlyCount "55"]
[EventDate "2014.06.27"]

1. d4 d5 2. c4 c6 3. Nf3 Nf6 4. Nc3 a6 5. a4 e6 6. g3 dxc4 7. e4 Bb4 8. e5 Nd5
9. Bd2 Bxc3 10. bxc3 b5 11. Ng5 f6 12. Ne4 O-O 13. exf6 Nxf6 14. Bg2 Nd5 15.
O-O Nd7 16. Qc2 N7f6 17. Nc5 Ra7 18. Rfe1 Re8 19. Re2 Rae7 20. f4 Nd7 21. Ne4
Qc7 22. Rae1 c5 23. Ng5 N7f6 24. dxc5 Qxc5+ 25. Kh1 h6 26. Nf3 Nh7 27. axb5
axb5 28. Ne5 1/2-1/2

[Event "Stop parking servis - Novi Sad "]
[Site "Novi Sad"]
[Date "2014.06.29"]
[Round "3.4"]
[White "Lajthajm, Borko"]
[Black "Cengija, Vanja"]
[Result "1/2-1/2"]
[WhiteElo "2526"]
[BlackElo "2263"]
[PlyCount "129"]
[EventDate "2014.06.27"]

1. Nf3 d5 2. g3 Bg4 3. Bg2 c6 4. c4 Nf6 5. O-O e6 6. d4 Nbd7 7. Qb3 Qb6 8. c5
Qxb3 9. axb3 Bxf3 10. exf3 g6 11. Nc3 Bg7 12. b4 Ng8 13. Rd1 Ne7 14. b5 Nf5 15.
bxc6 bxc6 16. Ne2 e5 17. Ra6 Nb8 18. Ra4 O-O 19. dxe5 Bxe5 20. Bh3 Nd7 21. b4
a5 22. Bxf5 gxf5 23. bxa5 Nxc5 24. Ra3 Ra6 25. Bd2 Rb8 26. Bc3 Bxc3 27. Rxc3
Ne6 28. Nd4 Nxd4 29. Rxd4 Kg7 30. Rf4 Kg6 31. h4 Rb5 32. Re3 Rbxa5 33. Re5 Ra4
34. h5+ Kg7 35. Rfxf5 Ra7 36. h6+ Kxh6 37. Rf6+ Kg7 38. Rxc6 Rd7 39. Rg5+ Kf8
40. f4 Ra8 41. f5 d4 42. f6 d3 43. Rc1 d2 44. Rd1 Ra6 45. Rh5 Rxf6 46. Rxh7 Ke7
47. Kf1 Rd5 48. Rh4 Kd6 49. Rc4 Rh6 50. Kg2 Kd7 51. Kf3 f5 52. Rc3 Rhd6 53. Re3
Kc6 54. Rc3+ Kb5 55. Ke2 Kb4 56. Re3 Kc4 57. Re8 Kc3 58. Rc8+ Kb2 59. Rb8+ Kc2
60. Re8 Rd4 61. Rc8+ Kb2 62. Rc5 Re4+ 63. Kf1 f4 64. gxf4 Rxf4 65. Ke2 1/2-1/2

[Event "Stop parking servis - Novi Sad "]
[Site "Novi Sad"]
[Date "2014.06.29"]
[Round "3.5"]
[White "Drogovoz, Irina"]
[Black "Pikula, Dejan"]
[Result "0-1"]
[WhiteElo "2073"]
[BlackElo "2491"]
[PlyCount "110"]
[EventDate "2014.06.27"]

1. d4 Nf6 2. c4 e6 3. Nf3 b6 4. g3 Ba6 5. Qa4 Bb7 6. Bg2 c5 7. O-O Be7 8. Nc3
cxd4 9. Nxd4 Bxg2 10. Kxg2 Qc7 11. Rd1 O-O 12. Bf4 Qb7+ 13. Kg1 a6 14. Qb3 d6
15. Nc2 Qc7 16. a4 h6 17. Qa2 Rc8 18. Na3 Nc6 19. Rac1 Ne5 20. Ncb1 Ng6 21. Be3
Rab8 22. b4 Ng4 23. Bd4 h5 24. f3 N4e5 25. Kg2 h4 26. Nd2 Nc6 27. Bc3 Qb7 28.
Ne4 Rd8 29. Nc2 b5 30. cxb5 axb5 31. a5 d5 32. Nf2 Rbc8 33. e4 Nxa5 34. Bxg7
Nc4 35. Ba1 Bg5 36. Rb1 e5 37. exd5 Rxd5 38. Ne4 h3+ 39. Kh1 Be7 40. Ne1 Rxd1
41. Rxd1 Bxb4 42. Qb3 Be7 43. Nf2 Ra8 44. Bb2 Ra4 45. Bc1 Na5 46. Qc2 e4 47.
Nxe4 Rc4 48. Qe2 Qc8 49. Bb2 Qe6 50. Qf1 Ra4 51. Qxb5 Rxe4 52. Qxa5 Rb4 53.
Rd8+ Nf8 54. Bc3 Rb1 55. Ra8 Qe3 0-1

[Event "Stop parking servis - Novi Sad "]
[Site "Novi Sad"]
[Date "2014.06.30"]
[Round "4.1"]
[White "Pikula, Dejan"]
[Black "Chandra, Akshat"]
[Result "1/2-1/2"]
[WhiteElo "2491"]
[BlackElo "2436"]
[PlyCount "111"]
[EventDate "2014.06.27"]

1. e4 c5 2. Nf3 e6 3. g3 Nc6 4. Bg2 Nf6 5. Qe2 e5 6. O-O Be7 7. c3 O-O 8. Rd1
d5 9. exd5 Qxd5 10. d3 Rd8 11. Ng5 Qd6 12. Na3 Bg4 13. f3 Bf5 14. Ne4 Nxe4 15.
fxe4 Be6 16. Be3 Rd7 17. Nc4 Qc7 18. Bf2 Bf8 19. Ne3 Ne7 20. h4 Rad8 21. Kh2 b5
22. Bh3 Bxh3 23. Kxh3 Rd6 24. c4 bxc4 25. dxc4 Rxd1 26. Rxd1 Rxd1 27. Qxd1 Qb7
28. Qc2 Nc6 29. Nd5 Qd7+ 30. Kg2 Qg4 31. Qd3 h5 32. Qf3 Qxf3+ 33. Kxf3 f6 34.
g4 hxg4+ 35. Kxg4 Kf7 36. h5 Bd6 37. a3 Na5 38. Ne3 Nb3 39. Be1 g6 40. hxg6+
Kxg6 41. Nd5 Bf8 42. Bc3 Bh6 43. Kf3 Bd2 44. Ke2 Bxc3 45. Nxc3 f5 46. exf5+
Kxf5 47. Kd3 Kf4 48. Nd5+ Kf3 49. Kc3 Nd4 50. b4 e4 51. Kd2 cxb4 52. axb4 Nf5
53. Nc3 e3+ 54. Kd3 Kf4 55. Nd5+ Kf3 56. Nc3 1/2-1/2

[Event "Stop parking servis - Novi Sad "]
[Site "Novi Sad"]
[Date "2014.06.30"]
[Round "4.3"]
[White "Liou, Yian"]
[Black "Martorelli, Antonio"]
[Result "1/2-1/2"]
[WhiteElo "2387"]
[BlackElo "2263"]
[PlyCount "20"]
[EventDate "2014.06.27"]

1. e4 c5 2. Nf3 e6 3. d4 cxd4 4. Nxd4 a6 5. Bd3 Bc5 6. Nb3 Be7 7. O-O Nc6 8.
Qe2 d6 9. Be3 Nf6 10. a4 e5 1/2-1/2

[Event "Stop parking servis - Novi Sad "]
[Site "Novi Sad"]
[Date "2014.06.30"]
[Round "4.4"]
[White "Pezelj, Novak"]
[Black "Popchev, Milko"]
[Result "1-0"]
[WhiteElo "2390"]
[BlackElo "2331"]
[PlyCount "51"]
[EventDate "2014.06.27"]

1. e4 b6 2. d4 Bb7 3. Bd3 e6 4. Nf3 c5 5. c3 Nf6 6. Qe2 Be7 7. O-O Nc6 8. a3 d5
9. e5 Nd7 10. b4 Nf8 11. Be3 g5 12. h3 Ng6 13. Nbd2 h5 14. bxc5 Kf8 15. Rfb1
Kg7 16. Rb2 Na5 17. cxb6 axb6 18. Rab1 g4 19. Ne1 Nc4 20. Nxc4 dxc4 21. Bxc4
gxh3 22. Rxb6 Bxg2 23. Nxg2 hxg2 24. Qf3 Rxa3 25. Rb7 h4 26. Bxe6 1-0

[Event "Stop parking servis - Novi Sad "]
[Site "Novi Sad"]
[Date "2014.06.30"]
[Round "4.6"]
[White "Cengija, Vanja"]
[Black "Obodchuk, Andrei"]
[Result "0-1"]
[WhiteElo "2263"]
[BlackElo "2374"]
[PlyCount "82"]
[EventDate "2014.06.27"]

1. d4 Nf6 2. Bf4 d6 3. Nf3 g6 4. e3 Bg7 5. Be2 O-O 6. Nbd2 c5 7. c3 b6 8. h3
Bb7 9. O-O Nbd7 10. Re1 Qc7 11. Bh2 Rac8 12. a4 a6 13. Rc1 Qb8 14. Bc4 Qa8 15.
Qe2 e5 16. dxe5 dxe5 17. e4 Rce8 18. Rcd1 Bh6 19. Bb3 Bc6 20. Qf1 b5 21. axb5
axb5 22. Bd5 Bxd5 23. exd5 e4 24. Nh4 Bg5 25. Bg3 c4 26. b3 cxb3 27. Qxb5 Qxd5
28. Qxb3 Qxb3 29. Nxb3 Rc8 30. f4 Bh6 31. Rc1 Nb6 32. Bf2 Nbd5 33. g3 Rxc3 34.
Rxc3 Nxc3 35. Nc5 Rd8 36. Ng2 Bf8 37. Nb3 Rd3 38. Nc1 Rd2 39. Nb3 Rd3 40. Re3
Bb4 41. Rxd3 exd3 0-1

[Event "Stop parking servis - Novi Sad "]
[Site "Novi Sad"]
[Date "2014.06.30"]
[Round "5.1"]
[White "Chandra, Akshat"]
[Black "Liou, Yian"]
[Result "0-1"]
[WhiteElo "2436"]
[BlackElo "2387"]
[PlyCount "128"]
[EventDate "2014.06.27"]

1. e4 e5 2. Nf3 Nc6 3. Bb5 a6 4. Ba4 Nf6 5. O-O Be7 6. Re1 b5 7. Bb3 d6 8. c3
O-O 9. h3 Nb8 10. d4 Nbd7 11. Nbd2 Bb7 12. Bc2 Re8 13. Nf1 Bf8 14. Ng3 g6 15.
b3 Bg7 16. d5 Rc8 17. c4 c6 18. Be3 Nb6 19. Rb1 Qc7 20. Bd3 cxd5 21. cxd5 Nbxd5
22. exd5 e4 23. Be2 exf3 24. Bxf3 Qa5 25. Re2 b4 26. Rd2 Nd7 27. Bg4 Rc7 28.
Bxd7 Rxd7 29. Qf3 f5 30. Bf4 Bc3 31. Re2 Rde7 32. Rxe7 Rxe7 33. Rd1 Qxa2 34.
Bxd6 Re8 35. Rd3 Qxb3 36. Re3 Qa4 37. Nxf5 gxf5 38. Qxf5 Bg7 39. Rg3 Qa1+ 40.
Kh2 Bc8 41. Qf4 b3 42. Rxb3 Qf6 43. Qxf6 Bxf6 44. f4 Bd7 45. g4 Bb5 46. g5 Bd4
47. Rb4 Rd8 48. Rxd4 Rxd6 49. Kg3 Bd7 50. Kf3 Bf5 51. h4 Kf7 52. h5 a5 53. Ke3
Ra6 54. d6 Bd7 55. f5 a4 56. g6+ hxg6 57. fxg6+ Kg7 58. Rh4 Kh6 59. Rh1 Rxd6
60. Rg1 Be6 61. Kf4 Bg8 62. Ke5 Ra6 63. Kd4 a3 64. Kc3 Rb6 0-1

[Event "Stop parking servis - Novi Sad "]
[Site "Novi Sad"]
[Date "2014.06.30"]
[Round "5.2"]
[White "Martorelli, Antonio"]
[Black "Pezelj, Novak"]
[Result "0-1"]
[WhiteElo "2263"]
[BlackElo "2390"]
[PlyCount "116"]
[EventDate "2014.06.27"]

1. e4 c5 2. Nf3 e6 3. d4 cxd4 4. Nxd4 Nc6 5. Nc3 Qc7 6. Be3 Nf6 7. Bd3 a6 8.
O-O Bd6 9. Nxc6 dxc6 10. f4 e5 11. f5 b5 12. a4 Rb8 13. axb5 cxb5 14. Bg5 Bb7
15. Bxf6 gxf6 16. Kh1 Qb6 17. Nb1 Ke7 18. Nd2 Rbd8 19. Nb3 Rhg8 20. Qe2 Rg5 21.
Nd2 Rdg8 22. g3 h5 23. c3 Rg4 24. Nf3 Qc5 25. Rfe1 Bb8 26. Rad1 Ba7 27. Bc2 Bb6
28. Qd3 Rd8 29. Qe2 Rdg8 30. Qd3 Rd8 31. Qe2 Rgg8 32. Bb3 Rg4 33. Rxd8 Rxe4 34.
Red1 Bxd8 35. Qd3 Qc7 36. Bd5 Bxd5 37. Qxd5 Rc4 38. Qa8 Qc8 39. Qd5 Qc7 40. Nd2
Rc5 41. Qf3 Qc6 42. Ne4 Rd5 43. Re1 Bb6 44. Qxh5 Rd2 45. b4 Rc2 46. Qf3 Qd5 47.
Qd1 Qxd1 48. Rxd1 Re2 49. Nd6 Be3 50. Rd3 Bd2 51. Nc8+ Kf8 52. Nb6 e4 53. Rd8+
Kg7 54. Nd5 Rf2 55. Kg1 Rxf5 56. Kg2 e3 57. Nf4 Rxf4 58. gxf4 e2 0-1

[Event "Stop parking servis - Novi Sad "]
[Site "Novi Sad"]
[Date "2014.06.30"]
[Round "5.3"]
[White "Bodrozic, Tomislav"]
[Black "Pikula, Dejan"]
[Result "1-0"]
[WhiteElo "2267"]
[BlackElo "2491"]
[PlyCount "61"]
[EventDate "2014.06.27"]

1. e4 c5 2. Nf3 Nc6 3. Bb5 g6 4. Bxc6 dxc6 5. d3 Bg7 6. h3 e5 7. Be3 Qe7 8.
Nbd2 Nf6 9. O-O O-O 10. Nc4 Nd7 11. Qd2 Re8 12. a3 b6 13. b4 Ba6 14. Qc3 Bxc4
15. Qxc4 Bf8 16. Rfb1 Rac8 17. Nd2 Rc7 18. Qc3 cxb4 19. axb4 c5 20. b5 Bg7 21.
Nc4 Nf8 22. Qb2 Ne6 23. Bd2 Qh4 24. Bc3 Nf4 25. Ne3 c4 26. g3 Ne2+ 27. Kg2 Qd8
28. Nxc4 Rc5 29. Rxa7 Rxb5 30. Qxb5 Nxc3 31. Qxb6 1-0

[Event "Stop parking servis - Novi Sad "]
[Site "Novi Sad"]
[Date "2014.06.30"]
[Round "5.4"]
[White "Obodchuk, Andrei"]
[Black "Drazic, Sinisa"]
[Result "1/2-1/2"]
[WhiteElo "2374"]
[BlackElo "2433"]
[PlyCount "24"]
[EventDate "2014.06.27"]

1. d4 d5 2. c4 e6 3. Nc3 Nf6 4. Nf3 Be7 5. Bg5 O-O 6. e3 h6 7. Bh4 b6 8. Be2
Bb7 9. O-O dxc4 10. Bxc4 a6 11. a4 Nbd7 12. Qe2 c5 1/2-1/2

[Event "Stop parking servis - Novi Sad "]
[Site "Novi Sad"]
[Date "2014.06.30"]
[Round "5.6"]
[White "Jovic, Stevan"]
[Black "Stankovic, Milos"]
[Result "0-1"]
[WhiteElo "2254"]
[BlackElo "2408"]
[PlyCount "36"]
[EventDate "2014.06.27"]

1. d4 e6 2. c4 Bb4+ 3. Nc3 b6 4. Qc2 Bb7 5. a3 Bxc3+ 6. Qxc3 f5 7. d5 Nf6 8.
dxe6 dxe6 9. Bg5 O-O 10. Nf3 Nbd7 11. O-O-O Qe8 12. Bxf6 Nxf6 13. e3 Ne4 14.
Qc2 Nc5 15. Be2 a5 16. b3 Qe7 17. Ne5 Ne4 18. Rd7 Qxa3+ 0-1

[Event "Stop parking servis - Novi Sad "]
[Site "Novi Sad"]
[Date "2014.06.30"]
[Round "5.8"]
[White "Popchev, Milko"]
[Black "Drogovoz, Irina"]
[Result "0-1"]
[WhiteElo "2331"]
[BlackElo "2073"]
[PlyCount "21"]
[EventDate "2014.06.27"]

1. Nf3 Nf6 2. g3 g6 3. Bg2 Bg7 4. O-O O-O 5. b3 c5 6. Bb2 d6 7. c4 e5 8. Nc3
Nc6 9. d3 h6 10. Ne1 Be6 11. Nd5 0-1

[Event "Stop parking servis - Novi Sad "]
[Site "Novi Sad"]
[Date "2014.07.01"]
[Round "6.2"]
[White "Stankovic, Milos"]
[Black "Bodrozic, Tomislav"]
[Result "1/2-1/2"]
[WhiteElo "2408"]
[BlackElo "2267"]
[PlyCount "44"]
[EventDate "2014.06.27"]

1. e4 c5 2. Nc3 a6 3. g3 b5 4. Bg2 Bb7 5. Nge2 e6 6. O-O d6 7. d3 Nf6 8. h3
Nbd7 9. Be3 Qc7 10. f4 Be7 11. Qd2 O-O 12. g4 b4 13. Nd1 d5 14. Ng3 dxe4 15.
dxe4 Rad8 16. g5 Nb6 17. Qe2 Nfd7 18. h4 c4 19. Nf2 Bc5 20. Rad1 Bxe3 21. Qxe3
Nc5 22. Ng4 Nca4 1/2-1/2

[Event "Stop parking servis - Novi Sad "]
[Site "Novi Sad"]
[Date "2014.07.01"]
[Round "6.3"]
[White "Obodchuk, Andrei"]
[Black "Chandra, Akshat"]
[Result "0-1"]
[WhiteElo "2374"]
[BlackElo "2436"]
[PlyCount "70"]
[EventDate "2014.06.27"]

1. d4 Nf6 2. c4 e6 3. Nf3 b6 4. g3 c6 5. Bg2 d5 6. O-O Be7 7. Nc3 O-O 8. Ne5
Ba6 9. cxd5 cxd5 10. Bf4 Nfd7 11. Qa4 Nxe5 12. Bxe5 Qd7 13. Qxd7 Nxd7 14. Bf4
g5 15. Be3 b5 16. a4 b4 17. Nb5 Bxb5 18. axb5 Rfb8 19. Rfc1 Bd8 20. Bd2 Rxb5
21. e4 a5 22. exd5 exd5 23. b3 h6 24. Rc6 Kg7 25. h4 Bf6 26. Be3 a4 27. hxg5
hxg5 28. bxa4 b3 29. Bf1 Rb4 30. Ra6 Rxa6 31. Bxa6 Nb6 32. a5 b2 33. Rb1 Nc4
34. Bxc4 dxc4 35. Bd2 Rb3 0-1

[Event "Stop parking servis - Novi Sad "]
[Site "Novi Sad"]
[Date "2014.07.01"]
[Round "6.4"]
[White "Drazic, Sinisa"]
[Black "Lajthajm, Borko"]
[Result "1/2-1/2"]
[WhiteElo "2433"]
[BlackElo "2526"]
[PlyCount "23"]
[EventDate "2014.06.27"]

1. e4 c6 2. d3 d5 3. Nd2 Nd7 4. g3 e5 5. Bg2 Ngf6 6. Ngf3 Bd6 7. O-O O-O 8. Re1
Re8 9. a4 a5 10. h3 Nf8 11. Nh2 Ng6 12. Ng4 1/2-1/2

[Event "Stop parking servis - Novi Sad "]
[Site "Novi Sad"]
[Date "2014.07.01"]
[Round "6.6"]
[White "Drogovoz, Irina"]
[Black "Martorelli, Antonio"]
[Result "1-0"]
[WhiteElo "2073"]
[BlackElo "2263"]
[PlyCount "51"]
[EventDate "2014.06.27"]

1. d4 d5 2. c4 e5 3. e3 e4 4. cxd5 Nf6 5. Nc3 Bd6 6. f3 O-O 7. fxe4 Bb4 8. Qc2
Re8 9. Bd3 Bxc3+ 10. bxc3 Nxe4 11. Nf3 Qxd5 12. Ne5 Rxe5 13. dxe5 Nc5 14. Bxh7+
Kh8 15. O-O Nc6 16. Bf5 Nxe5 17. Bb2 Nc4 18. Rad1 Bxf5 19. Rxf5 Qe4 20. Qxe4
Nxe4 21. Ba1 Ned6 22. Rc5 c6 23. Rd4 b5 24. Rh5+ Kg8 25. Rdh4 g5 26. Rxg5+ 1-0

[Event "Stop parking servis - Novi Sad "]
[Site "Novi Sad"]
[Date "2014.07.01"]
[Round "7.1"]
[White "Drogovoz, Irina"]
[Black "Pezelj, Novak"]
[Result "0-1"]
[WhiteElo "2073"]
[BlackElo "2390"]
[PlyCount "132"]
[EventDate "2014.06.27"]

1. d4 d5 2. Nf3 Nf6 3. c4 e6 4. Nc3 Be7 5. g3 O-O 6. Bg2 Nbd7 7. O-O dxc4 8.
Qc2 c5 9. Rd1 Qa5 10. Bd2 cxd4 11. Nxd4 Qh5 12. a4 Nc5 13. b4 e5 14. bxc5 exd4
15. Nb5 Qxc5 16. Bc1 Bf5 17. Qa2 Be4 18. Ba3 Qe5 19. Bxe7 Qxe7 20. Bxe4 Nxe4
21. Qxc4 Rfd8 22. Rxd4 Qf6 23. f3 a6 24. Rad1 axb5 25. Rxd8+ Rxd8 26. Rxd8+
Qxd8 27. Qxe4 bxa4 28. Qxa4 g6 29. Kg2 h5 30. e4 Qc7 31. Qb5 b6 32. f4 Qc2+ 33.
Kf3 Qxh2 34. Qxb6 Qh1+ 35. Kf2 Qxe4 36. Qf6 Qe6 37. Qd4 Kh7 38. Qc3 Qf5 39. Qd4
g5 40. Kg2 gxf4 41. gxf4 h4 42. Kh2 Qg6 43. Qc3 Qe6 44. Qf3 Qf5 45. Qf2 Qg4 46.
Qe3 Kg6 47. Qe4+ Qf5 48. Qc6+ Qe6 49. Qg2+ Kf5 50. Qg5+ Ke4 51. Qxh4 Qa2+ 52.
Kg3 Qb3+ 53. Kh2 Qc2+ 54. Kg1 Qc1+ 55. Kg2 Qd2+ 56. Kg1 Qxf4 57. Qe7+ Kf3 58.
Qb7+ Kg3 59. Qg2+ Kh4 60. Qb7 f5 61. Qh7+ Kg4 62. Qg6+ Kf3 63. Qg2+ Ke3 64. Qa2
Qg3+ 65. Kf1 Qf3+ 66. Kg1 Qd1+ 0-1

[Event "Stop parking servis - Novi Sad "]
[Site "Novi Sad"]
[Date "2014.07.01"]
[Round "7.2"]
[White "Chandra, Akshat"]
[Black "Bodrozic, Tomislav"]
[Result "1/2-1/2"]
[WhiteElo "2436"]
[BlackElo "2267"]
[PlyCount "111"]
[EventDate "2014.06.27"]

1. e4 e6 2. d4 d5 3. Nd2 Nf6 4. e5 Nfd7 5. f4 c5 6. Ngf3 Nc6 7. Nb3 a5 8. a4
cxd4 9. Nfxd4 Nc5 10. Be3 Nxb3 11. Nxb3 Be7 12. Bd3 O-O 13. O-O f5 14. exf6
Bxf6 15. c3 e5 16. fxe5 Nxe5 17. Bd4 Bg4 18. Qc2 h6 19. Rae1 Nc6 20. Bc5 Re8
21. Qf2 Rxe1 22. Rxe1 Bh4 23. g3 Bf6 24. Bf5 Bh5 25. Be6+ Kh7 26. Qf5+ Bg6 27.
Qxd5 Qxd5 28. Bxd5 Ne5 29. Bd4 Nd3 30. Re2 Bxd4+ 31. Nxd4 Rd8 32. Bc4 Nc5 33.
Re7 b6 34. Bb5 Rd6 35. Kf2 Bd3 36. Ke3 Bxb5 37. axb5 Rf6 38. b4 axb4 39. cxb4
Na4 40. Rc7 Rf1 41. Ke4 Kg6 42. h4 Rb1 43. h5+ Kxh5 44. Rxg7 Rxb4 45. Ke5 Nc3
46. Rg8 Rb1 47. Kf4 Rf1+ 48. Ke3 Nd5+ 49. Ke2 Rf6 50. g4+ Kh4 51. Nf5+ Kh3 52.
Kf3 Ne7 53. Rh8 Nxf5 54. gxf5 Rxf5+ 55. Ke4 Rxb5 56. Rxh6+ 1/2-1/2

[Event "Stop parking servis - Novi Sad "]
[Site "Novi Sad"]
[Date "2014.07.01"]
[Round "7.3"]
[White "Liou, Yian"]
[Black "Drazic, Sinisa"]
[Result "1/2-1/2"]
[WhiteElo "2387"]
[BlackElo "2433"]
[PlyCount "22"]
[EventDate "2014.06.27"]

1. e4 c6 2. d4 d5 3. Nd2 dxe4 4. Nxe4 Nf6 5. Nxf6+ exf6 6. c3 Bd6 7. Bd3 Be6 8.
Ne2 Qc7 9. h3 Nd7 10. Qc2 Nf8 11. O-O Ng6 1/2-1/2

[Event "Stop parking servis - Novi Sad "]
[Site "Novi Sad"]
[Date "2014.07.01"]
[Round "7.5"]
[White "Lajthajm, Borko"]
[Black "Pikula, Dejan"]
[Result "1/2-1/2"]
[WhiteElo "2526"]
[BlackElo "2491"]
[PlyCount "30"]
[EventDate "2014.06.27"]

1. e4 e5 2. Nf3 Nc6 3. Bb5 a6 4. Ba4 Nf6 5. d3 b5 6. Bb3 Bc5 7. c3 Bb6 8. O-O
O-O 9. Bg5 d6 10. a4 Rb8 11. axb5 axb5 12. Na3 b4 13. Nc4 h6 14. Be3 Bxe3 15.
Nxe3 Be6 1/2-1/2

[Event "Stop parking servis - Novi Sad "]
[Site "Novi Sad"]
[Date "2014.07.01"]
[Round "7.6"]
[White "Kostic, Vladimir G"]
[Black "Obodchuk, Andrei"]
[Result "1/2-1/2"]
[WhiteElo "2400"]
[BlackElo "2374"]
[PlyCount "68"]
[EventDate "2014.06.27"]

1. e4 c5 2. c3 d5 3. exd5 Qxd5 4. d4 Nf6 5. Nf3 Nc6 6. Be3 Ng4 7. Bd3 Nxe3 8.
fxe3 e6 9. O-O Be7 10. Qc2 Qh5 11. Nbd2 O-O 12. Ne4 b6 13. Rae1 Bb7 14. Ng3 Qh6
15. Qe2 Rad8 16. a3 f5 17. b4 Bd6 18. Rf2 Ne7 19. Nf1 Nd5 20. bxc5 bxc5 21. Bc4
Kh8 22. Bxd5 Bxd5 23. Qa6 Bb8 24. dxc5 Rc8 25. c4 Bxf3 26. Rxf3 Rxc5 27. Rd1
Qf6 28. Rd7 h6 29. g3 Qe5 30. Rd4 Ra5 31. Qc6 Rxa3 32. Re4 Qd6 33. Rxe6 Qxc6
34. Rxc6 a5 1/2-1/2

[Event "Stop parking servis - Novi Sad "]
[Site "Novi Sad"]
[Date "2014.07.01"]
[Round "7.7"]
[White "Laketic, Gojko"]
[Black "Martorelli, Antonio"]
[Result "1/2-1/2"]
[WhiteElo "2428"]
[BlackElo "2263"]
[PlyCount "27"]
[EventDate "2014.06.27"]

1. d4 Nf6 2. c4 c5 3. d5 b5 4. cxb5 a6 5. bxa6 Bxa6 6. Nc3 g6 7. Nf3 Bg7 8. e4
Bxf1 9. Kxf1 d6 10. g3 O-O 11. Kg2 Nbd7 12. h3 Qb6 13. Re1 Rfe8 14. Re2 1/2-1/2

[Event "Stop parking servis - Novi Sad "]
[Site "Novi Sad"]
[Date "2014.07.02"]
[Round "8.1"]
[White "Pezelj, Novak"]
[Black "Stankovic, Milos"]
[Result "0-1"]
[WhiteElo "2390"]
[BlackElo "2408"]
[PlyCount "32"]
[EventDate "2014.06.27"]

1. e4 e6 2. d4 d5 3. Nc3 Nf6 4. Bg5 dxe4 5. Nxe4 Be7 6. Bxf6 gxf6 7. Nf3 f5 8.
Nc3 a6 9. a4 Nc6 10. Bd3 Bf6 11. Ne2 Nb4 12. Bc4 b6 13. O-O Bb7 14. Ne5 Rg8 15.
Nf4 Bxe5 16. dxe5 Qg5 0-1

[Event "Stop parking servis - Novi Sad "]
[Site "Novi Sad"]
[Date "2014.07.02"]
[Round "8.3"]
[White "Lajthajm, Borko"]
[Black "Chandra, Akshat"]
[Result "1/2-1/2"]
[WhiteElo "2526"]
[BlackElo "2436"]
[PlyCount "33"]
[EventDate "2014.06.27"]

1. c4 Nf6 2. Nf3 e6 3. g3 d5 4. Bg2 dxc4 5. Na3 Qd5 6. Qc2 Bxa3 7. bxa3 Nc6 8.
Bb2 e5 9. O-O e4 10. Ne1 Nd4 11. Bxd4 Qxd4 12. Rb1 O-O 13. Rb4 Be6 14. e3 Qd7
15. f3 Rfd8 16. Rf2 Qc6 17. fxe4 1/2-1/2

[Event "Stop parking servis - Novi Sad "]
[Site "Novi Sad"]
[Date "2014.07.02"]
[Round "8.4"]
[White "Drazic, Sinisa"]
[Black "Kostic, Vladimir G"]
[Result "1/2-1/2"]
[WhiteElo "2433"]
[BlackElo "2400"]
[PlyCount "26"]
[EventDate "2014.06.27"]

1. d4 Nf6 2. c4 e6 3. Nf3 b6 4. g3 Bb7 5. Bg2 Be7 6. O-O O-O 7. Nc3 Ne4 8. Nxe4
Bxe4 9. Be3 d5 10. Qa4 Qd7 11. Qxd7 Nxd7 12. cxd5 Bxd5 13. Rfc1 Rac8 1/2-1/2